| 000 | 02961cam a2200421 a 4500 | ||
|---|---|---|---|
| 999 |
_c129117 _d129117 |
||
| 001 | 14576399 | ||
| 003 | ARRUPE | ||
| 005 | 20190307111756.0 | ||
| 008 | 060929s2007 cau b s001 0 eng | ||
| 010 | _a 2006032389 | ||
| 015 |
_aGBA742035 _2bnb |
||
| 016 | 7 |
_a013756844 _2Uk |
|
| 020 | _a9780520245334 (cloth : alk. paper) | ||
| 020 | _a0520245334 (cloth : alk. paper) | ||
| 020 | _a9780520247093 (pbk. : alk. paper) | ||
| 020 | _a0520247094 (pbk. : alk. paper) | ||
| 035 | _a(OCoLC)ocm72353633 | ||
| 035 | _a(OCoLC)72353633 | ||
| 040 |
_aDLC _cDLC _dBTCTA _dBAKER _dC#P _dUKM _dDLC |
||
| 041 | 1 |
_aeng _hfre |
|
| 050 | 0 | 0 |
_aHV6431 _b.H5713 2007 |
| 082 | 0 | 0 |
_a363.32509 _222 |
| 130 | 0 |
_aHistoire du terrorisme. _lEnglish. _944956 |
|
| 245 | 1 | 4 |
_aThe history of terrorism : _bfrom antiquity to al Qaeda / _cedited by Gérard Chaliand and Arnaud Blin ; translated by Edward Schneider, Kathryn Pulver, and Jesse Browner. |
| 260 |
_aBerkeley : _bUniversity of California Press, _cc2007. |
||
| 300 |
_aviii, 474 p. ; _c23 cm. |
||
| 504 | _aIncludes bibliographical references (p. 435-444) and index. | ||
| 505 | 0 | _aIntroduction / Gérard Chaliand and Arnaud Blin -- Terrorism as a strategy of insurgency / Ariel Merari -- Zealots and assassins / Gérard Chaliand and Arnaud Blin -- Manifestations of terror through the ages / Gérard Chaliand and Arnaud Blin -- The invention of modern terror / Gérard Chaliand and Arnaud Blin -- Anarchist terrorists of the nineteenth century / Olivier Hubac-Occhipinti -- Russian terrorism, 1878-1908 / Yves Ternon -- The "golden age" of terrorism / Gérard Chaliand and Arnaud Blin -- Lenin, Stalin, and state terrorism / Gérard Chaliand and Arnaud Blin -- Terrorism in time of war : from war II to the wars of national liberation / Gérard Chaliand and Arnaud Blin -- From 1968 to radical Islam / Gérard Chaliand and Arnaud Blin -- The roots of Islamic radicalism / Philippe Migaux -- Al qaeda / Philippe Migaux -- The future of the Islamist movement / Philippe Migaux -- Suicide operations : between war and terrorism / François Géré -- The United States confronting terrorism / Arnaud Blin -- Terrorism in south Asia / Rohan Gunaratna. | |
| 546 | _aTranslated from the French. | ||
| 650 | 0 |
_aTerrorism _xHistory. _91447 |
|
| 700 | 1 |
_aChaliand, Gérard, _d1934- _944957 |
|
| 700 | 1 |
_aBlin, Arnaud. _944958 |
|
| 906 |
_a7 _bcbc _corignew _d1 _eecip _f20 _gy-gencatlg |
||
| 942 |
_2lcc _cMONOGRAPH |
||